000 00761nam a2200253 i 4500
003 EG-ScBUE
005 20250512115137.0
008 200219r2024 enka f 000 0 eng d
020 _a9781912843831
040 _aEG-ScBUE
_beng
_erda
_cEG-ScBUE
_dEG-ScBUE
082 0 4 _222
_a741.51
_bPER
245 1 0 _aPerspective & depth
246 3 _aPerspective and depth
264 1 _aWorcester, United Kingdom :
_b3dototal Publishing,
_c2024.
300 _a302 pages :
_bcolor illustrations ;
_c30 cm.
336 _2rdacontent
_atext
_btxt
337 _2rdamedia
_aunmediated
_bn
338 _2rdacarrier
_avolume
_bnc
490 0 _aArtist's master series
650 7 _2BUEsh
_aDrawing
_xTechnique
653 _cMay2025
_bART
655 _vReading book
942 _2ddc
_cBB
999 _c30974
_d30945